Global finance

Salvato in:
Dettagli Bibliografici
Natura: Periodico
Lingua:inglese
Pubblicazione: New York Global Finance Media 2000
Soggetti:
Tags: Aggiungi Tag
Nessun Tag, puoi essere il primo ad aggiungerne!!

MARC

LEADER 00000nas2a2200000 4500
001 s124699
005 20231103122536.4
022 |a 0896-4181 
041 0 |a eng 
044 |a US 
245 1 0 |a Global finance 
264 1 |a New York  |b Global Finance Media  |c 2000 
300 |a 1 zv. 
773 0 |w eu_un_cat*s121445 
610 2 0 |a financie medzinárodné 
610 2 0 |a investície priame zahraničné 
610 2 0 |a reformy hospodárske